| 000 | 00426nam a2200157Ia 4500 | ||
|---|---|---|---|
| 008 | 221030s9999 xx 000 0 und d | ||
| 041 | _aEnglish | ||
| 082 |
_a105.23 _bGao |
||
| 100 | _aJ. D. Agarwal | ||
| 245 | 0 |
_aQuantitative Techniques for Financial Analysis _cby J. D. Agarwal, S. Ghosh |
|
| 260 |
_bIndian Inst. of Finace _aMumbai _c1997 |
||
| 300 | _a579 | ||
| 650 | _aBE Management | ||
| 700 | _aS. Ghosh | ||
| 942 | _cBK | ||
| 999 |
_c2254 _d2254 |
||